00699nam a2200181Ia 4500008004100000020001500041040001800056041000800074100002000082245009800102260005800200300006400258504005000322650002300372651004700395700002500442765005000467130821s1990 ag aobcgr spa  a9501509834 aCo-BoUCMbspa aspa1 aSchama, Simón10aCiudadanos crónica de la revolución francesacSimón Schama ; traducción Anibal Leal. aBuenos Aires (Argentina)bJavier Vergara Editorc1990 a905 páginasbilustraciones, retratos, fotografías mapas aIncluye bibliografía, epílogo e índices04aHistoria de Europa 4aFranciaxHistoriaxRevolucióny1775-17831 aLeal, Anibal.etrad.0 tCitizens A chronicle of the French Revolution